| 000 | 00928nam a2200265 a 4500 | ||
|---|---|---|---|
| 001 | 000036171 | ||
| 005 | 20200930074928.0 | ||
| 008 | 120110s2011 dr ac r 000 0 spa d | ||
| 020 | _a9789945164558 | ||
| 040 |
_aDO-SdBNP _bspa _cBNPHU |
||
| 082 |
_a636.4 _bJ61m |
||
| 100 | 1 |
_aJiménez, Virgilio Secundino _962213 |
|
| 245 | 1 | 0 |
_aManejo y producción comercial de cerdos / _cVirgilio Secundino Jiménez. |
| 260 |
_aSanto Domingo : _bEdiciones Pecuarias, _c2011. |
||
| 300 |
_a159 p. : _bil., retrs. ; _c22 cm. |
||
| 500 | _aIncluye datos biográficos del autor en la contracubierta | ||
| 500 | _aIncluye glosario : p. 157-158. | ||
| 504 | _aBibliografía : p. 159. | ||
| 590 | _aInventariado, 2018/BT | ||
| 650 | 4 |
_aCría de cerdos _962214 |
|
| 650 | 4 |
_aAlimentos para cerdos _962215 |
|
| 650 | 4 |
_aRazas de cerdos _962216 |
|
| 650 | 4 |
_aCerdos _xAspectos económicos _962217 |
|
| 910 | _aValidado. Control de calidad. EMS | ||
| 999 |
_c35662 _d35662 |
||